000 00293nam a22001337a 4500
008 170421b xxu||||| |||| 00| 0 eng d
020 _a020110180
041 _aeng
080 _24TH
_a573
100 _a11
101 _aSHM
245 _aTHE STUDY OF BIOLOGY
_cBAKER, J.J.W
942 _2udc
_cBK
999 _c11516
_d11516